00434 a2200121 4500001001000000005001700010008004100027245010400068100002500172700002600197773007200223999001700295ART_5547520260410161609.0260409a 10aProyecto N° 49 de Resolución Técnica. Modificación de la Resolución Técnica (FACPCE) 15:1 aOubiña, Gabriel H.1 aFaccendini, Yanina C.0 tProfesional & Empresariag- Año XXIII, Nº 270 (mar. 2022)wREV70 c10475d10475